แสดงรายละเอียดบรรณานุกรม
  กลับหน้าหลัก

Brief Record : Get Marc (ISO 2709) : E-mail record : QR code ปิดหน้าต่าง
E-books : เกี่ยวกับ Collections
LEADER 00000nam 2200000uu 4500
001    212049
003     ULIBM
008    180605s||||||||th 000 0 tha d
020    ^a9786163070739
040    ^abcnkk
041 1  ^atha
050  4 ^aWS105^bค696จ 2559
100 1  ^aคูลเลน, ไคเรน
245 10 ^aเจาะจิตวิทยาเด็ก /^cKairen Cullen เขียน ; วิมล กมลตระกูล แปล
246 31 ^aIntroducing child psychology :^ba practical guide.
260    ^aกรุงเทพฯ :^bมูลนิธิเด็ก,^c2559.
300    ^a172 หน้า :^bภาพประกอบ ;^c24 ซม.
500    ^aแปลจาก Introducing child psychology : a practical guide.
650  0 ^aChild psychology
650  0 ^aChild development
650  4 ^aจิตวิทยาเด็ก
650  4 ^aพัฒนาการของเด็ก
700 0  ^aวิมล กมลตระกูล,^eผู้แปล
700 1  ^aCullen, Kairen
999    ^aใช้งานได้ทุกระบบ
รายการนี้ยังไม่มีแท็ก
คุณยังไม่ได้ล็อกอิน คุณสามารถมีกิจกรรมร่วมกับเว็บไซต์ได้ แต่ต้องล็อกอินก่อน ::
  ล็อกอิน
ลำดับที่ ประเภท เลขเรียก สถานที่ สถานะ
1. การพยาบาล (ตำราหลัก)
การพยาบาล (ตำราหลัก)
WS105 ค696จ 2559 ฉ.1 
  
การพยาบาลเด็ก On Shelf
  ขอยืม
Note:จัดซื้อปีงบฯ 2561
2. การพยาบาล (ตำราหลัก)
การพยาบาล (ตำราหลัก)
WS105 ค696จ 2559 ฉ.2 
  
การพยาบาลเด็ก On Shelf
  ขอยืม
Note:จัดซื้อปีงบฯ 2561
3. การพยาบาล (ตำราหลัก)
การพยาบาล (ตำราหลัก)
WS105 ค696จ 2559 ฉ.3 
  
การพยาบาลเด็ก On Shelf
  ขอยืม
Note:จัดซื้อปีงบฯ 2561
4. การพยาบาล (ตำราหลัก)
การพยาบาล (ตำราหลัก)
WS105 ค696จ 2559 ฉ.4 
  
การพยาบาลเด็ก On Shelf
  ขอยืม
Note:จัดซื้อปีงบฯ 2561
5. การพยาบาล (ตำราหลัก)
การพยาบาล (ตำราหลัก)
WS105 ค696จ 2559 ฉ.5 
  
การพยาบาลเด็ก On Shelf
  ขอยืม
Note:จัดซื้อปีงบฯ 2561
   [แสดง 5/5 รายการ]

รายการใกล้เคียง
    หัวเรื่อง [Child development]
    หัวเรื่อง [จิตวิทยาเด็ก]
    หัวเรื่อง [พัฒนาการของเด็ก]

BibComment


ยังไม่เคยถูกคอมเมนท์

คอมเมนท์ทรัพยากรรายการนี้
  คอมเมนท์: เจาะจิตวิทยาเด็ก..
Bib 212049

 
 
 

 Union Library Management : ULibM
Copyright 2026. All Rights Reserved.
скачать бесплатно без регистрации порно красивый секс HD Sex Hindi sex

xxx gou

xxxx

bfxxx

xxxwww

Секса Видео

xxxx

Секса Видео

detube

geilexxx

C99 Shell

worms shell

blod xxx video
Ebony Coed Rihanna Rimes Takes A Dick In Her Young Twat priyaa indian fuck anal and pusssy hardcore indian women xxx desi hardcore fucking part 1 bengalixxxcouple